| 000 | 01155nam a22003257i 4500 | ||
|---|---|---|---|
| 003 | DO-SdBNP | ||
| 005 | 20231017111346.0 | ||
| 006 | a||||er|||| 00| 0 | ||
| 007 | ta | ||
| 008 | 231004t2017 gt ||||| |||| 00| p spa d | ||
| 020 | _a9789929559851 | ||
| 040 |
_aDO-SdBNP _bspa _cBNPHU _erda |
||
| 082 | 4 |
_aCu863.44 _bM378L _222 |
|
| 100 | 1 |
_aMarti, José _eautor _938092 |
|
| 245 | 1 | 0 |
_aLucía Jerez / _cJosé Martí ; prólogo, edición y bibliografia Mauricio Nuñez Rodríguez |
| 264 | 4 |
_aGuatemala : _bMinisterio de Cultura y Deportes , _c2017 |
|
| 300 |
_a176 páginas ; _c22 cm. |
||
| 336 |
_2rdacontent _atexto _btxt |
||
| 337 |
_2rdamedia _asin mediación _bn |
||
| 338 |
_2rdacarrier _avolumen _bnc |
||
| 490 |
_aMiguel Àngel Asturias ; _v44 |
||
| 500 | _aConmemoración de los 140 años de la llegada del poeta a Guatemala | ||
| 500 | _aIncluye datos biográficos del autor en las solapas | ||
| 590 | _aInventariado 2023 /DG | ||
| 650 | 4 |
_914068 _aNovela cubana |
|
| 650 | 4 |
_aLiteratura cubana _91483 |
|
| 710 | 1 |
_aGuatemala. _bMinisterio de Cultura y Deportes _984491 |
|
| 910 | _aDG/Validado. Control de calidad MFF | ||
| 942 |
_2ddc _cLBS1 |
||
| 999 |
_c55137 _d55137 |
||